Experiencias matemáticas 5: EGB Ciclo medio

Gespeichert in:
Bibliographische Detailangaben
1. Verfasser: Prada Vicente, María Dolores de
Weitere Verfasser: Luque Lucena, Manuel. Autor
Format: Buch
Sprache:Spanisch
Erschienen: Zaragoza Luis Vives 1982
Katalog:MANES:  Suchergebnis im Bibliothekskatalog
Schulbuchspezifische Eigenschaften:
Tags: Tag hinzufügen
Keine Tags, Fügen Sie den ersten Tag hinzu!
Hinzugefügt zu:01.12.2020
Geändert in:07.05.2025

MARC

LEADER 00000nam a22000007a 4500
005 20250507133418.0
008 201202b ||||| |||| 00| 0 spa d
561 |5 es-CICE  |3 FMa/M457  |a España. Centro Internacional de la Cultura Escolar  |k MANES 
999 |c 91221  |d 91221 
040 |a centro_manes  |c Centro_internacional de la cultura escolar 
100 |9 33520  |a Prada Vicente, María Dolores de 
245 |a Experiencias matemáticas 5: EGB Ciclo medio 
260 |a Zaragoza  |b Luis Vives  |c 1982 
300 |a 238 p.  |c 25 x 19 cm 
500 |a Contiene ilustraciones a color y ejercicios para el alumno 
546 |a España 
690 0 |a MATE 
691 0 |a PRI 
700 |9 4644  |a Luque Lucena, Manuel. Autor 
942 |2 ddc  |c BK 
999 |c manes:91221  |d 91221